• 首页
  • 本馆介绍
  • 公告通知
  • 最新文献
  • 馆藏检索
  • 电子资源
  • 读者导购
  • 参考咨询
  • 我的图书馆
  • 登录
  • 详细信息显示
  • 放入我的书架
  • 预约/预借图书
  • 作者相关作品
  • 分类相关作品
  • 丛书相关作品
  • 出版社相关作品

书目信息

  • 表格格式
  • 工作单格式
  • 卡片格式
题名:
视觉思维
    
 
作者: 郑珍好 著 ;潘翔 译
分册:  
出版信息: 北京   中国铁道出版社  2016
页数: 244页
开本: 21cm
丛书名:
单 册:
中图分类: B804-49
科图分类:
主题词: 思维方法--通俗读物
电子资源:
ISBN: 978-7-113-21905-5
000 00807nam0 2200229 450
001 5651
005 20180528213948.82
010    @a978-7-113-21905-5@dCNY52.00
100    @a20170215d2016 em y0chiy50 ea
101 1  @achi@ckor
102    @aCN@b110000
105    @aa z 000yy
200 1  @a视觉思维@9shi jue si wei@f(韩)郑珍好著@g潘翔译
210    @a北京@c中国铁道出版社@d2016
215    @a244页@c图@d21cm
330    @a本书是使用代表事务、思维、概念等含义的象征图像与简单的文字,整理思维、传递情感、表达心境、寻找乐趣的思维训练图书。书中讲述了视觉思维整理法的诸多构成要素,并详细列举了用途与示例。
606 0  @a思维方法@j通俗读物
690    @aB804-49@v5
701  0 @c(韩)@a郑珍好@9zheng zhen hao@4著
702  0 @a潘翔@9pan xiang@4译
801  0 @aCN@b91MARC@c20170215
905    @aMuseLib@dB804-49@e104
    
    视觉思维/(韩)郑珍好著/潘翔译.-北京:中国铁道出版社,2016
    244页:图;21cm
    
    
    ISBN 978-7-113-21905-5:CNY52.00
    本书是使用代表事务、思维、概念等含义的象征图像与简单的文字,整理思维、传递情感、表达心境、寻找乐趣的思维训练图书。书中讲述了视觉思维整理法的诸多构成要素,并详细列举了用途与示例。
●
相关链接 在E读中查询图书 在五车中查询图书 在当当中查询图书 在豆瓣中查询图书


正题名:视觉思维     索取号:B804-49/104         预约/预借

序号 登录号 条形码 馆藏地/架位号 状态 备注
1 1114150   211141502   第一样本阅览室/ [索取号:B804-49/104] 在馆    
2 1114151   211141511   教育系资料室/ [索取号:B804-49/104] 在馆    
3 1114152   211141520   教育系资料室/ [索取号:B804-49/104] 在馆    
4 1114153   211141539   教育系资料室/ [索取号:B804-49/104] 在馆    
5 1114154   211141548   第一借阅区/ [索取号:B804-49/104] 在馆    
6 1114155   211141557   第一借阅区/ [索取号:B804-49/104] 在馆    
唐山师范学院图书馆 欢迎您!
大连网信软件有限公司© 版权所有